| 000 | 00420nam a22001577a 4500 | ||
|---|---|---|---|
| 005 | 20251108175619.0 | ||
| 008 | 250721s2016 xx 000 0 eng d | ||
| 082 | 1 | 4 | _aJ/372.21/KEL |
| 245 | 1 | 0 | _aFIRST WORDS AND NUMBERS / |
| 264 | 1 |
_aCHINA : _bMILES KELLY, _c2016. |
|
| 300 | _a96P. | ||
| 650 | 1 | 7 | _aLearning |
| 653 | _aاطفال ما قبل المدرسة (0-5) سنوات | ||
| 942 |
_2ddc _cBK |
||
| 999 |
_c138287 _d138287 |
||